000
00362nam a2200145 a 4500
005
20140412111424.0
008
080205s19uu xx 00 eng d
020
_a
81-299-0013-0
050
_a
TR(GS 158.20
_b
M99 2006
245
_a
My first book of good habits.
260
_a
India :
_b
MPB Pub,
_c
2006.
300
_a
7p.
440
_a
Camford
999
_c
106154
_d
106154